000 00583nam a2200133Ia 4500
008 171212s9999 xx 000 0 und d
020 _a9781921536502
245 _ceditor Fraenkel, Jon;Firth, Stewart;Lal, Brij V.
_aThe 2006 Military Takeover in Fiji
_bA Coup to End All Coups?
260 _bANU E Press
_c2009
440 _aState, Society and Governance in Melanesia
650 _aGovernment, Resistance to -- Fiji; Fiji -- History -- 21st century; Fiji -- Politics and government -- 21st century
650 _aPolitical Science
856 _uwww.jstor.org/stable/10.2307/j.ctt24hdz7
999 _c351339
_d351339